000 00927nam a22003017a 4500
001 0010846
003 KOHA_MİRAKIL
005 20260207001757.0
007 ta
008 091120b2007 tu |||gr||||#||||0|tur |
020 _a9789944097734
_c17,55
040 _aTR-BiSEU
_btur
_cTR-BiSEU
_erda
041 0 _atur
044 _ctu
050 _aTA710.A2
_bU98 2007
100 1 _aUzuner, Bayram Ali.
245 1 _aTemel zemin mekaniği :
_bÇözümlü problemlerle/
_cBayram Ali Uzuner ; Bayram Ali Uzuner.
264 1 _aTrabzon :
_bDerya Kitabevi
_c2007
300 _aIX, 560 sayfa: resimli
336 _ametin
_btxt
_2rdacontent
337 _aaracısız
_bn
_2rdamedia
338 _acilt
_bnc
_2rdacarrier
500 _aSırtta adı: Temel zemin mekaniği.
500 _aKaynakça var.
650 0 _aZemin mekaniği.
_91546
650 0 _aZemin mekaniği--Problemler, alıştırmalar, vb.
_926480
942 _2lcc
_cBK
999 _c10816
_d10816